00385pab a2200133 454500008004000000100001600040245010000056260000900156300001500165362000800180650001400188650002000202773002900222180718b2004 xxu||||| |||| 00| 0 eng d aGlasby, Jon aDischarging responsibilities? Delayed hospital discharges and the health and social care divide c2004 ap.593-604. aOct aHospitals aHealth services aJournal of Social Policy